Bioestadística / R. Clifford Bilar y Richard A. Taylor; traducción Anaid González Sarmiento; revisión técnica Horacio Mauricio Rodríguez Morales ...[et.al.] (Record no. 217124)
[ view plain ]
| 000 -CABECERA | |
|---|---|
| campo de control de longitud fija | 01209nam a2200313Ia 4500 |
| 001 - NÚMERO DE CONTROL | |
| campo de control | Z_6374 |
| 008 - DATOS DE LONGITUD FIJA--INFORMACIÓN GENERAL | |
| campo de control de longitud fija | 220601s9999 xx 000 0 und d |
| 020 ## - NÚMERO INTERNACIONAL ESTÁNDAR DEL LIBRO | |
| Número Internacional Estándar del Libro | 978-970-26-1196-7 |
| 082 ## - NÚMERO DE LA CLASIFICACIÓN DECIMAL DEWEY | |
| Número de clasificación | 519.5 B55 |
| 100 ## - ENTRADA PRINCIPAL--NOMBRE DE PERSONA | |
| Nombre de persona | Bilar, R. Clifford |
| 9 (RLIN) | 183609 |
| 240 ## - TÍTULO UNIFORME | |
| Título uniforme | Bioestatistics for the health sciences |
| 245 ## - MENCIÓN DE TÍTULO | |
| Título | Bioestadística / R. Clifford Bilar y Richard A. Taylor; traducción Anaid González Sarmiento; revisión técnica Horacio Mauricio Rodríguez Morales ...[et.al.] |
| 260 ## - PUBLICACIÓN, DISTRIBUCIÓN, ETC. | |
| Lugar de publicación, distribución, etc. | México : Pearson Educación |
| 300 ## - DESCRIPCIÓN FÍSICA | |
| Extensión | 538 p. |
| 500 ## - NOTA GENERAL | |
| Nota general | Traducción de la obra en inglés: Bioestatistics for the health sciences |
| 503 ## - NOTA DE HISTORIA BIBLIOGRÁFICA (BK CF MU) [OBSOLETO] | |
| Nota de historia bibliográfica | ej.1: 0102 \ ej.2: 0103 |
| 504 ## - NOTA DE BIBLIOGRAFÍA, ETC. | |
| Nota de bibliografía, etc. | Bibliografía: p. 527 - 529 |
| 650 ## - PUNTO DE ACCESO ADICIONAL DE MATERIA--TÉRMINO DE MATERIA | |
| Término de materia o nombre geográfico como elemento de entrada | 1. Biometría |
| 650 ## - PUNTO DE ACCESO ADICIONAL DE MATERIA--TÉRMINO DE MATERIA | |
| Término de materia o nombre geográfico como elemento de entrada | Análisis de varianza |
| 9 (RLIN) | 5977 |
| 650 ## - PUNTO DE ACCESO ADICIONAL DE MATERIA--TÉRMINO DE MATERIA | |
| Término de materia o nombre geográfico como elemento de entrada | Probabilidades |
| 9 (RLIN) | 91687 |
| 650 ## - PUNTO DE ACCESO ADICIONAL DE MATERIA--TÉRMINO DE MATERIA | |
| Término de materia o nombre geográfico como elemento de entrada | Estadística noparamétrica |
| 9 (RLIN) | 38263 |
| 650 ## - PUNTO DE ACCESO ADICIONAL DE MATERIA--TÉRMINO DE MATERIA | |
| Término de materia o nombre geográfico como elemento de entrada | Diseños experimentales |
| 9 (RLIN) | 32735 |
| 700 ## - PUNTO DE ACCESO ADICIONAL--NOMBRE DE PERSONA | |
| Nombre de persona | Taylor, Richard A., coaut. \ González Sarmiento, Anaid, tr. \ Rodríguez Morales, Horacio Mauricio, rev.Ì |
| 9 (RLIN) | 183611 |
| 901 ## - ELEMENTOS DE DATOS A LOCAL LDA (RLIN) | |
| a | 519.5 B55 |
| 902 ## - ELEMENTOS DE DATOS B LOCAL, LDB (RLIN) | |
| a | M |
| 905 ## - ELEMENTOS DE DATOS E LOCAL, LDE (RLIN) | |
| a | 523227 2008 mx mnt 8221113311spa16 |
| 942 ## - ELEMENTOS DE PUNTO DE ACCESO ADICIONAL (KOHA) | |
| Tipo de ítem Koha | Libro_ |
| Estado de retiro | Estado de pérdida | Estado dañado | No para préstamo | Localización permanente | Ubicación/localización actual | Ubicación en estantería | Fecha de adquisición | Total de préstamos | Código de barras | Fecha visto por última vez | Fecha del último préstamo | Número de copia | Precio válido a partir de | Tipo de ítem Koha | Nota pública |
|---|---|---|---|---|---|---|---|---|---|---|---|---|---|---|---|
| Zootecnia | Zootecnia | 23/08/2013 | 1 | z_6126 | 10/04/2024 | 10/04/2024 | 2 | 02/06/2022 | Libro | 2 | |||||
| Zootecnia | Zootecnia | 23/08/2013 | z_6125 | 02/06/2022 | 1 | 02/06/2022 | Libro | 2 |
